Космоструктурная модель и рудоконтролирующие факторы Коральвеемского золоторудного узла; Проблемы геологии и освоения недр

Dades bibliogràfiques
Parent link:Проблемы геологии и освоения недр.— 2007.— С. 107-109
Autor principal: Баталов А. П.
Altres autors: Ананьев Ю. С. Юрий Сергеевич (научный руководитель), Поцелуев А. А. Анатолий Алексеевич
Idioma:rus
Publicat: 2007
Matèries:
Format: MixedMaterials Capítol de llibre
KOHA link:https://koha.lib.tpu.ru/cgi-bin/koha/opac-detail.pl?biblionumber=179706

MARC

LEADER 00000naa2a2200000 4500
001 179706
005 20231031170511.0
035 |a (RuTPU)RU\TPU\book\194806 
090 |a 179706 
100 |a 20100426d2007 k y0rusy50 ca 
101 0 |a rus 
102 |a RU 
200 1 |a Космоструктурная модель и рудоконтролирующие факторы Коральвеемского золоторудного узла  |f А. П. Баталов  |g науч. рук. Ю. С. Ананьев, А. А. Поцелуев 
320 |a Библиогр.: 2 назв. 
463 0 |0 (RuTPU)RU\TPU\book\140171  |y 5-89503-079-3  |t Проблемы геологии и освоения недр  |o [сборник]  |o труды XI международного симпозиума имени академика М. А. Усова студентов и молодых учёных, посвященного 80-летию академика, Президента международного горного конгресса, Лауреата государственной премии СССР М. И. Щадову  |f Томский политехнический университет (ТПУ), Институт геологии и нефтегазового дела  |v С. 107-109  |d 2007  |p 764 с. 
610 1 |a золото 
610 1 |a месторождения 
610 1 |a космоструктурные модели 
610 1 |a Коральвеемский рудный узел 
610 1 |a Чукотка 
610 1 |a космическая съёмка 
610 1 |a дистанционные методы 
610 1 |a программы 
610 1 |a исследование 
610 1 |a труды учёных ТПУ 
700 1 |a Баталов  |b А. П. 
702 1 |a Ананьев  |b Ю. С.  |c российский геолог  |c доцент Томского политехнического университета, кандидат геолого-минералогических наук  |f 1966-  |g Юрий Сергеевич  |2 stltpush  |3 (RuTPU)RU\TPU\pers\26228  |4 727 
702 1 |a Поцелуев  |b А. А.  |c геолог  |c профессор Томского политехнического университета, доктор геолого-минералогических наук  |f 1952-  |g Анатолий Алексеевич  |2 stltpush  |4 727 
801 1 |a RU  |b 63413507  |c 20100426 
801 2 |a RU  |b 63413507  |c 20150720  |g RCR 
942 |c BK